Genes IX /
Guardado en:
| Otros Autores: | |
|---|---|
| Formato: | Libro |
| Idioma: | Spanish English |
| Publicado: |
México, D.F. :
McGraw-Hill/Interamericana,
c2008.
|
| Edición: | 9a. ed. |
| Materias: | |
| Etiquetas: |
Agregar Etiqueta
Sin Etiquetas, Sea el primero en etiquetar este registro!
|
| LEADER | 01042nam a22003014a 4500 | ||
|---|---|---|---|
| 001 | EUN.eunm003108 | ||
| 005 | 20100803123044.0 | ||
| 008 | 100423s2008####mx#a#####b####001#0#spa## | ||
| 020 | |a 9701066855 | ||
| 020 | |a 9789701066850 | ||
| 041 | 1 | |a spa |h eng | |
| 082 | 0 | 0 | |a 576.5 |2 22 |
| 082 | 0 | 4 | |a 575.1 |2 15 |
| 245 | 0 | 0 | |a Genes IX / |c editado por Benjamin Lewin ; traducción: Héctor Barrera Villa Zevallos, Félix García Roig. |
| 246 | 3 | |a Genes 9 | |
| 246 | 3 | |a Genes nueve | |
| 250 | |a 9a. ed. | ||
| 260 | |a México, D.F. : |b McGraw-Hill/Interamericana, |c c2008. | ||
| 300 | |a xvii, 892 p. : |b il. (principalmente col.) ; |c 28 cm. | ||
| 500 | |a Traducción de: Genes IX, edited by Benjamin Lewin, 9th ed.; publicado por Jones & Bartlett, c2008. | ||
| 504 | |a Incluye referencias bibliográficas e índice. | ||
| 650 | 7 | |a Genética. |2 unbist | |
| 650 | 7 | |a Fisiología. |2 unbist | |
| 650 | 7 | |a Proteínas. |2 unbist | |
| 653 | |a ARN | ||
| 653 | |a ADN | ||
| 700 | 1 | |a Lewin, Benjamin. | |
| 859 | |a AR-BaUNS |b BIB. CENTRAL - Sector A |h 575.1 |i L584a9 |p 121421/010 | ||
